000050744 001__ 50744
000050744 005__ 20220224130708.0
000050744 0247_ $$2doi$$a10.1103/PhysRevLett.37.1046
000050744 0247_ $$2ISSN$$a0031-9007
000050744 0247_ $$2ISSN$$a1079-7114
000050744 037__ $$aGSI-2013-02364
000050744 041__ $$aEnglish
000050744 082__ $$a550
000050744 1001_ $$0P:(DE-HGF)0$$aBetz, Wilfried$$b0$$eCorresponding author
000050744 245__ $$aDirect Formation of Quasimolecular 1sσ Vacancies in Uranium-Uranium Collisions
000050744 260__ $$aCollege Park, Md.$$bAPS$$c1976
000050744 3367_ $$0PUB:(DE-HGF)16$$2PUB:(DE-HGF)$$aJournal Article$$bjournal$$mjournal$$s1366783791_23927
000050744 3367_ $$2DRIVER$$aarticle
000050744 3367_ $$2BibTeX$$aARTICLE
000050744 3367_ $$00$$2EndNote$$aJournal Article
000050744 536__ $$0G:(DE-HGF)POF2-899$$a899 - ohne Topic (POF2-899)$$cPOF2-899$$fPOF I$$x0
000050744 588__ $$aDataset connected to CrossRef, repository.gsi.de
000050744 7001_ $$0P:(DE-HGF)0$$aSoff, Gerhard$$b1
000050744 7001_ $$0P:(DE-HGF)0$$aMüller, Berndt$$b2
000050744 7001_ $$0P:(DE-HGF)0$$aGreiner, Walter$$b3
000050744 773__ $$0PERI:(DE-600)1472655-5$$a10.1103/PhysRevLett.37.1046$$gVol. 37, no. 16, p. 1046 - 1049$$n16$$p1046 - 1049$$tPhysical review letters$$v37$$x0031-9007$$y1976
000050744 909CO $$ooai:repository.gsi.de:50744$$pVDB
000050744 9131_ $$0G:(DE-HGF)POF2-899$$1G:(DE-HGF)POF2-890$$2G:(DE-HGF)POF2-800$$3G:(DE-HGF)POF2$$4G:(DE-HGF)POF$$aDE-HGF$$bProgrammungebundene Forschung$$lohne Programm$$vohne Topic$$x0
000050744 915__ $$0StatID:(DE-HGF)0010$$2StatID$$aJCR/ISI refereed
000050744 915__ $$0StatID:(DE-HGF)0100$$2StatID$$aJCR
000050744 915__ $$0StatID:(DE-HGF)0110$$2StatID$$aWoS$$bScience Citation Index
000050744 915__ $$0StatID:(DE-HGF)0111$$2StatID$$aWoS$$bScience Citation Index Expanded
000050744 915__ $$0StatID:(DE-HGF)0150$$2StatID$$aDBCoverage$$bWeb of Science Core Collection
000050744 915__ $$0StatID:(DE-HGF)0199$$2StatID$$aDBCoverage$$bThomson Reuters Master Journal List
000050744 915__ $$0StatID:(DE-HGF)0200$$2StatID$$aDBCoverage$$bSCOPUS
000050744 915__ $$0StatID:(DE-HGF)0300$$2StatID$$aDBCoverage$$bMedline
000050744 915__ $$0StatID:(DE-HGF)0310$$2StatID$$aDBCoverage$$bNCBI Molecular Biology Database
000050744 915__ $$0StatID:(DE-HGF)0420$$2StatID$$aNationallizenz
000050744 915__ $$0StatID:(DE-HGF)1020$$2StatID$$aDBCoverage$$bCurrent Contents - Social and Behavioral Sciences
000050744 920__ $$lyes
000050744 9201_ $$0I:(DE-Ds200)THE-20051214OR028$$kTHE$$lTheorie$$x0
000050744 980__ $$ajournal
000050744 980__ $$aVDB
000050744 980__ $$aUNRESTRICTED
000050744 980__ $$aI:(DE-Ds200)20120319OR028
000050744 980__ $$aI:(DE-Ds200)THE-20051214OR028